Kraje kończące się na N - Statystyki

Ogólne statystyki
  • Ten quiz został rozwiązany 42 razy
    25 od ostatniego zresetowania
  • Średni wynik to 13 z 21
Statystyki odpowiedzi
Państwo % Poprawnych
Oman
89%
Pakistan
89%
Turkmenistan
89%
Afganistan
83%
Kirgistan
83%
Tadżykistan
83%
Kazachstan
78%
Jemen
72%
Uzbekistan
72%
Azerbejdżan
67%
Iran
67%
Sudan
61%
Benin
56%
Liechtenstein
56%
Liban
50%
Bahrajn
44%
Watykan
44%
Bhutan
39%
Gabon
39%
Tajwan
39%
Kamerun
28%
Nie znaleziono quizów pasujących do podanych kryteriów
Rozkład punktacji
Procent ludzi z każdym wynikiem
Percentyl według liczby udzielonych odpowiedzi
Twoja historia wyników
Nie rozwiązałeś tego quizu od ostatniego zresetowania